Texas horticulturist.

Bibliographic Details
New Title:Horticulturist
Corporate Author: Texas State Horticultural Society
Format: Journal
Language:English
Published: College Station : Texas State Horticultural Society, 1974-
Subjects:

MARC

Tag First Indicator Second Indicator Subfields
LEADER 00000cas a2200000 4500
001 in00000256821
008 781005d19741988txuqr p 0 0eng c
005 20251212220308.8
010 |a sn 89032807  
012 |i 8903 
035 |a (OCoLC)ocm04266138 
035 |a (OCoLC)4266138 
035 |a (OCoLC)ocm04266138 
040 |a ILU  |b eng  |c ILU  |d HUL  |d IXA  |d OCLCQ  |d OCLCF  |d OCLCO  |d OCLCA  |d OCLCQ  |d OCLCL 
042 |a pcc 
043 |a n-us-tx 
050 4 |a SB21  |b .T8 
245 0 0 |a Texas horticulturist. 
264 1 |a College Station :  |b Texas State Horticultural Society,  |c 1974- 
300 |a 15 volumes :  |b illustrations ;  |c 28 cm 
310 |a Quarterly 
336 |a text  |b txt  |2 rdacontent 
337 |a unmediated  |b n  |2 rdamedia 
338 |a volume  |b nc  |2 rdacarrier 
362 0 |a v. 1-15, no. 6; spring 1974-Nov. 1988. 
650 0 |a Gardening  |v Periodicals. 
650 0 |a Horticulture  |v Periodicals. 
650 0 |a Horticulture  |z Texas  |v Periodicals. 
650 7 |a Gardening.  |2 fast  |0 (OCoLC)fst00937852 
650 7 |a Horticulture.  |2 fast  |0 (OCoLC)fst00960791 
651 7 |a Texas.  |2 fast  |0 (OCoLC)fst01210336  |1 https://id.oclc.org/worldcat/entity/E39PBJj8XjVR9hP7dPxwVtRqcP 
655 7 |a Periodicals.  |2 fast  |0 (OCoLC)fst01411641 
710 2 |a Texas State Horticultural Society.  |1 https://id.oclc.org/worldcat/entity/E39QH7JmpcpC6pcKJ3wp9r4y9t 
785 0 0 |t Horticulturist  |w (DLC)sn 89032808  |w (OCoLC)19499103 
850 |a TxU 
936 |a unknown  |a Spring 1974 
948 |h HELD BY TXA - 12 OTHER HOLDINGS 
994 |a Z0  |b TXA 
999 f f |s c8b59990-4019-33c7-bd29-3dafd529bee0  |i b4c2f79e-4de0-3ae7-889d-68c5ba291346  |t 0 
952 f f |a Texas A&M University  |b Rellis Campus  |c Joint Library Facility  |d Remote Storage  |e SB21 .T8  |h Library of Congress classification  |i unmediated -- volume  |k v.7-8  |l 1980/1982  |m A14842838956  |p ric  |s JLF  |t 0 
952 f f |a Texas A&M University  |b Rellis Campus  |c Joint Library Facility  |d Remote Storage  |e SB21 .T8  |h Library of Congress classification  |i unmediated -- volume  |k v.12  |l 1985/1986  |m A14852759688  |p ric  |s JLF  |t 0 
952 f f |a Texas A&M University  |b Rellis Campus  |c Joint Library Facility  |d Remote Storage  |e SB21 .T8  |h Library of Congress classification  |i unmediated -- volume  |k v.10  |l 1983/1984  |m A14852759555  |p ric  |s JLF  |t 0 
952 f f |a Texas A&M University  |b Rellis Campus  |c Joint Library Facility  |d Remote Storage  |e SB21 .T8  |h Library of Congress classification  |i unmediated -- volume  |k v.11  |l 1984/1985  |m A14852759811  |p ric  |s JLF  |t 0 
952 f f |a Texas A&M University  |b Rellis Campus  |c Joint Library Facility  |d Remote Storage  |e SB21 .T8  |h Library of Congress classification  |i unmediated -- volume  |k v.1:no.1-2,v.2:no.1-3  |l 1974:Spring-Summer,1975:Spring-Fall  |m A14852759548  |p ric  |s JLF  |t 0 
952 f f |a Texas A&M University  |b Rellis Campus  |c Joint Library Facility  |d Remote Storage  |e SB21 .T8  |h Library of Congress classification  |i unmediated -- volume  |k v.13-16  |l 1986-1990  |m 059172109992002  |p ric  |s JLF  |t 0 
952 f f |a Texas A&M University  |b Rellis Campus  |c Joint Library Facility  |d Remote Storage  |e SB21 .T8  |h Library of Congress classification  |i unmediated -- volume  |k v.9:no.1-4,6-12  |l 1982:June-Sept.,Nov.-1983:May  |m A14852759423  |p ric  |s JLF  |t 0 
952 f f |a Texas A&M University  |b Rellis Campus  |c Joint Library Facility  |d Remote Storage  |e SB21 .T8  |h Library of Congress classification  |i unmediated -- volume  |k v.3:no.1-v.4:no.4,v.5:no.2-4,v.6:no.2-4  |l 1976:Spring-1978:Winter,Summer-Winter,1979:Fall-1980:Spring  |m A14852759415  |p ric  |s JLF  |t 0 
952 f f |p noncirc  |a Texas A&M University  |b College Station  |c Cushing Memorial Library & Archives  |s cush kels  |d Cushing: Kelsey Americana (Does not check out)  |t 0  |e SB21 .T8  |h Library of Congress classification  |i unmediated -- volume 
952 f f |a Texas A&M University  |b Rellis Campus  |c Joint Library Facility  |d Remote Storage  |e SB21 .T8  |h Library of Congress classification  |i unmediated -- volume  |k v.15:no.1 -v.15:no.6  |l 1988-1988  |m A14811942961  |p ric  |s JLF  |t 0